MARC

LEADER 00000nam0a2200000 4500
001 335913
005 20231102004813.0
035 |a (RuTPU)RU\TPU\book\362325 
090 |a 335913 
100 |a 20171005d1988 k y0rusy50 ca 
101 0 |a rus 
102 |a RU 
105 |a a z 001zy 
200 1 |a Электрофизико-химические методы обработки в металлургическом производстве  |f В. Б. Витлин, А. С. Давыдов 
205 |a 2-е изд., испр. и доп. 
210 |a Москва  |c Металлургия  |d 1988 
215 |a 127 с.  |c ил. 
320 |a Библиогр.: с. 124-126 
606 1 |a Электрическая обработка металлов  |2 stltpush  |3 (RuTPU)RU\TPU\subj\26845  |9 50684 
610 1 |a металлургическое производство 
610 1 |a электрофизическая обработка 
610 1 |a электроэрозионная обработка 
610 1 |a заготовки 
610 1 |a электроконтактная обработка 
610 1 |a воздушно-дуговая обработка 
610 1 |a металлы 
610 1 |a резка 
610 1 |a шлифование 
610 1 |a электрогидравлическая обработка 
675 |a 621.7.047/.48  |v 4 
700 1 |a Витлин  |b В. Б.  |g Вячеслав Борисович 
701 1 |a Давыдов  |b А. С.  |g Александр Сергеевич 
801 1 |a RU  |b 63413507  |c 20171005 
801 2 |a RU  |b 63413507  |c 20171211  |g RCR 
942 |c BK